F1 Winners: Swiss Grand Prix - Statistics

General Stats
  • This quiz has been taken 266 times
    245 since last reset
  • The average score is 5 of 6
Answer Stats
Season Circuit Driver % Correct
1951 Bremgarten Juan Manuel Fangio
99%
1954 Bremgarten Juan Manuel Fangio
99%
1950 Bremgarten Nino Farina
97%
1953 Bremgarten Alberto Ascari
95%
1982 Dijon Keke Rosberg
74%
1952 Bremgarten Piero Taruffi
34%
No matching quizzes found
Score Distribution
Percent of People with Each Score
Percentile by Number Answered
Your Score History
You have not taken this quiz since the last reset